HVAC systems design handbook / (Record no. 19050)

MARC details
000 -LEADER
fixed length control field 00969cam a2200277 a 4500
001 - CONTROL NUMBER
control field 13103204
005 - DATE AND TIME OF LATEST TRANSACTION
control field 20150317132326.0
008 - FIXED-LENGTH DATA ELEMENTS--GENERAL INFORMATION
fixed length control field 030225s2003 nyua b 001 0 eng
020 ## - INTERNATIONAL STANDARD BOOK NUMBER
International Standard Book Number 0071395865 (hc : alk. paper)
020 ## - INTERNATIONAL STANDARD BOOK NUMBER
International Standard Book Number 9780071395861
040 ## - CATALOGING SOURCE
Original cataloging agency DLC
Transcribing agency DLC
Modifying agency DLC
082 00 - DEWEY DECIMAL CLASSIFICATION NUMBER
Classification number 697
Edition number 22
Item number HAI
100 1# - MAIN ENTRY--PERSONAL NAME
Personal name Haines, Roger W.
245 10 - TITLE STATEMENT
Title HVAC systems design handbook /
Statement of responsibility, etc Roger W. Haines, C. Lewis Wilson.
250 ## - EDITION STATEMENT
Edition statement 4th ed.
260 ## - PUBLICATION, DISTRIBUTION, ETC. (IMPRINT)
Place of publication, distribution, etc New York :
Name of publisher, distributor, etc McGraw-Hill,
Date of publication, distribution, etc c.2003.
300 ## - PHYSICAL DESCRIPTION
Extent xx, 513 p. :
Other physical details ill. ;
Dimensions 24 cm.
500 ## - GENERAL NOTE
General note Includes bibliographical references and index.
650 #0 - SUBJECT ADDED ENTRY--TOPICAL TERM
Topical term or geographic name as entry element Heating
General subdivision Equipment and supplies
-- Design and construction.
9 (RLIN) 36218
650 #0 - SUBJECT ADDED ENTRY--TOPICAL TERM
Topical term or geographic name as entry element Ventilation
General subdivision Equipment and supplies
-- Design and construction.
9 (RLIN) 36219
650 #0 - SUBJECT ADDED ENTRY--TOPICAL TERM
Topical term or geographic name as entry element Air conditioning
General subdivision Equipment and supplies
-- Design and construction.
9 (RLIN) 36220
653 ## - INDEX TERM--UNCONTROLLED
Resource For college Engineering, Mechanical
Arrived date list March2015
655 ## - INDEX TERM--GENRE/FORM
Form subdivision
-- 34232
700 1# - ADDED ENTRY--PERSONAL NAME
Personal name Wilson, C. Lewis.
942 ## - ADDED ENTRY ELEMENTS (KOHA)
Source of classification or shelving scheme Dewey Decimal Classification
Holdings
Withdrawn status Item status Source of classification or shelving scheme Damaged status Not for loan Vendor Home library Current library Shelving location Date acquired Source of acquisition Cost, normal purchase price Total Checkouts Total Renewals Full call number Barcode Date last seen Date last borrowed Cost, replacement price Koha item type
    Dewey Decimal Classification     Baccah Central Library Central Library First floor 17/03/2015   320.00 2 16 697 HAI 000037620 15/07/2025 05/03/2017 400.00 Book - Borrowing